[Event "Niederbayern-ch"]
[Site "Vilshofen"]
[Date "2018.04.05"]
[Round "2"]
[White "Huber, Florian"]
[Black "Bielmeier, Ludwig"]
[Result "0-1"]
[WhiteElo "1962"]
[BlackElo "2110"]
[PlyCount "74"]
[EventDate "2018.04.05"]
[EventType "swiss"]
[EventRounds "7"]
[EventCountry "GER"]
[SourceTitle "EXT 2023"]
[Source "ChessBase"]
[SourceDate "2022.10.05"]
[SourceVersion "1"]
[SourceVersionDate "2022.10.05"]
[SourceQuality "1"]

1. d4 Nf6 2. Nf3 d6 3. e3 c6 4. Bd3 Nbd7 5. b3 e5 6. Nbd2 Qc7 7. Bb2 Be7 8. 0-0 0-0 9. c4 Re8 10. Rc1 Bf8 11. Bb1 b6 12. Qc2 g6 13. Rfe1 Bg7 14. b4 c5 15. Bc3 Bb7 16. dxe5 dxe5 17. b5 Re7 18. Red1 Rae8 19. e4 Bh6 20. Re1 Nf8 21. Rcd1 N6d7 22. Nf1 Ne6 23. Bd2 Bxd2 24. Rxd2 Nd4 25. Qc3 Nf6 26. a4 Qc8 27. Ng3 Qg4 28. h3 Qf4 29. Ne2 Nxf3+ 30. gxf3 Qh4 31. Kg2 Nh5 32. Rd6 Ng7 33. Ng3 Bc8 34. Rh1 Rd7 35. Rd5 Ne6 36. Rxe5 Nf4+ 37. Kf1 Rd1+ 0-1

[Event "Oberliga Bayern 1718"]
[Site "Bayern"]
[Date "2017.11.26"]
[Round "3.7"]
[White "Gruber, Roland"]
[Black "Bielmeier, Ludwig"]
[Result "0-1"]
[WhiteElo "2138"]
[BlackElo "2046"]
[PlyCount "112"]
[EventDate "2017.10.22"]
[EventType "team-tourn"]
[EventRounds "9"]
[EventCountry "GER"]
[SourceTitle "EXT 2020"]
[Source "ChessBase"]
[SourceDate "2019.10.17"]
[SourceVersion "1"]
[SourceVersionDate "2019.10.17"]
[SourceQuality "1"]
[WhiteTeam "Regensburg Post/Sued"]
[BlackTeam "Deggendorf"]
[WhiteTeamCountry "GER"]
[BlackTeamCountry "GER"]

1. Nf3 Nf6 2. c4 d6 3. Nc3 e5 4. g3 c6 5. Bg2 Nbd7 6. d3 Be7 7. 0-0 0-0 8. Rb1 Ne8 9. d4 exd4 10. Nxd4 Ne5 11. b3 Nf6 12. f4 Ng6 13. e4 Re8 14. Kh1 Bf8 15. Qd3 Qc7 16. Bb2 Nd7 17. Rbe1 Nc5 18. Qd2 a5 19. Nf5 a4 20. b4 Nd7 21. a3 Nb6 22. Qd3 Be6 23. Ne3 Rad8 24. Ne2 Bc8 25. Qc3 f6 26. h4 Qf7 27. Bf3 Ne7 28. Nd4 Qg6 29. Kh2 Kh8 30. g4 d5 31. exd5 cxd5 32. c5 Nc4 33. Nxc4 dxc4 34. f5 Qf7 35. Be2 Nd5 36. Qg3 c3 37. Bc1 b6 38. Nc6 bxc5 39. Nxd8 Rxd8 40. bxc5 Bxc5 41. Kh3 Bd6 42. Qd3 Bb8 43. Qf3 Bb7 44. Rd1 h5 45. g5 g6 46. Rf2 c2 47. Rxd5 Bxd5 48. Qc3 Be5 49. Qxc2 Rb8 50. Bd3 Qd7 51. Be4 Rb3+ 52. Kg2 gxf5 53. Bxd5 Qxd5+ 54. Kf1 Rc3 55. Qd2 Qc4+ 56. Kg2 Qc6+ 0-1

[Event "Niederbayern-ch"]
[Site "Vilshofen"]
[Date "2017.04.23"]
[Round "7"]
[White "Bielmeier, Ludwig"]
[Black "Stadler, Alexander"]
[Result "0-1"]
[WhiteElo "2055"]
[BlackElo "2049"]
[PlyCount "44"]
[EventDate "2017.04.20"]
[EventType "swiss"]
[EventRounds "7"]
[EventCountry "GER"]
[SourceTitle "EXT 2023"]
[Source "ChessBase"]
[SourceDate "2022.10.05"]
[SourceVersion "1"]
[SourceVersionDate "2022.10.05"]
[SourceQuality "1"]

1. Nf3 d6 2. g3 e5 3. Bg2 f5 4. d3 Nf6 5. c4 Be7 6. Nc3 0-0 7. 0-0 Qe8 8. c5 Kh8 9. cxd6 cxd6 10. e4 Nc6 11. h3 Qh5 12. Nh4 f4 13. Kh2 Ng4+ 14. hxg4 Bxg4 15. Bf3 Bxf3 16. Qxf3 fxg3+ 17. Qxg3 Bxh4 18. Qh3 Rf3 19. Qd7 Bg3+ 20. Kg2 Qh2+ 21. Kxf3 Nd4+ 22. Ke3 Bf4# 0-1

[Event "Niederbayern-ch"]
[Site "Vilshofen"]
[Date "2017.04.21"]
[Round "3"]
[White "Huber, Florian"]
[Black "Bielmeier, Ludwig"]
[Result "0-1"]
[WhiteElo "1814"]
[BlackElo "2055"]
[PlyCount "78"]
[EventDate "2017.04.20"]
[EventType "swiss"]
[EventRounds "7"]
[EventCountry "GER"]
[SourceTitle "EXT 2023"]
[Source "ChessBase"]
[SourceDate "2022.10.05"]
[SourceVersion "1"]
[SourceVersionDate "2022.10.05"]
[SourceQuality "1"]

1. d4 Nf6 2. Nf3 c5 3. Nc3 g6 4. dxc5 Na6 5. Qd4 Bg7 6. e4 0-0 7. Bd3 Qa5 8. Qc4 Nxc5 9. b4 Nxd3+ 10. cxd3 Qd8 11. d4 d5 12. Qd3 dxe4 13. Nxe4 Qb6 14. a3 Bf5 15. Nxf6+ exf6 16. Qd1 Rfe8+ 17. Be3 Qa6 18. Qb3 Bd3 19. Rc1 Bb5 20. Rc7 Rf8 21. Kd2 Qd6 22. Rc5 Bc6 23. b5 Be4 24. Rhc1 Rad8 25. Ke2 Rfe8 26. Kf1 Bd5 27. Qc2 Bf8 28. Rc3 Bxf3 29. gxf3 Qxh2 30. Rc7 Bd6 31. Rxb7 Qh3+ 32. Ke2 f5 33. Qb3 Re6 34. Kd3 Qxf3 35. Rxa7 f4 36. Re1 Bc5 37. b6 Bxd4 38. Kc2 Qe4+ 39. Kd1 Bxb6+ 0-1

[Event "Landesliga Sued 1516"]
[Site "Bayern"]
[Date "2015.12.13"]
[Round "4.7"]
[White "Bielmeier, Ludwig"]
[Black "Klenk, Robert"]
[Result "1-0"]
[WhiteElo "2025"]
[BlackElo "1967"]
[PlyCount "107"]
[EventDate "2015.10.11"]
[EventType "team-tourn"]
[EventRounds "9"]
[EventCountry "GER"]
[SourceTitle "EXT 2018"]
[Source "ChessBase"]
[SourceDate "2017.10.13"]
[SourceVersion "1"]
[SourceVersionDate "2017.10.13"]
[SourceQuality "1"]
[WhiteTeam "Deggendorf"]
[BlackTeam "Muenchen Tarrasch"]
[WhiteTeamCountry "GER"]
[BlackTeamCountry "GER"]

1. Nf3 d5 2. g3 g6 3. c4 dxc4 4. Bg2 Bg7 5. Na3 e5 6. 0-0 Nc6 7. Nxc4 Nge7 8. d3 0-0 9. Bg5 h6 10. Bd2 Nd5 11. Qc1 Kh7 12. Re1 Bg4 13. h3 Be6 14. Rb1 Qd7 15. Kh2 a5 16. b3 Rfe8 17. Rd1 Qe7 18. Be1 Ndb4 19. a3 Nd5 20. e4 Nb6 21. Bc3 Nxc4 22. bxc4 b6 23. Qb2 Rad8 24. Rbc1 Nd4 25. Bxd4 exd4 26. Nd2 Bf8 27. Ra1 g5 28. Re1 Qf6 29. Re2 Bd6 30. Rae1 Qe7 31. Ra1 Qf6 32. Kg1 Qe7 33. e5 Bc5 34. Ne4 Kh8 35. Nf6 Rf8 36. h4 Bf5 37. Qd2 Rg8 38. Nxg8 Rxg8 39. hxg5 Rxg5 40. Be4 Bg4 41. f3 Bd7 42. Rg2 Bh3 43. f4 Bxg2 44. Kxg2 Rg8 45. Rh1 Kg7 46. Qe2 Rh8 47. a4 Kf8 48. Qg4 Qe6 49. Qh5 Ke7 50. Qf3 Kd8 51. Rh5 Bf8 52. Bf5 Qe8 53. Qd5+ Bd6 54. Qa8+ 1-0

[Event "Niederbayern-ch"]
[Site "Regen"]
[Date "2015.06.20"]
[Round "5"]
[White "Stadler, Alexander"]
[Black "Bielmeier, Ludwig"]
[Result "1-0"]
[WhiteElo "2060"]
[BlackElo "2151"]
[PlyCount "101"]
[EventDate "2015.06.18"]
[EventType "swiss"]
[EventRounds "7"]
[EventCountry "GER"]
[SourceTitle "EXT 2023"]
[Source "ChessBase"]
[SourceDate "2022.10.05"]
[SourceVersion "1"]
[SourceVersionDate "2022.10.05"]
[SourceQuality "1"]

1. e4 c6 2. d4 d5 3. Nd2 dxe4 4. Nxe4 Nf6 5. Nxf6+ gxf6 6. Nf3 Bf5 7. Bd3 Bg6 8. Bf4 e6 9. 0-0 Bd6 10. Bg3 Bxg3 11. hxg3 Nd7 12. a4 a5 13. Re1 Nb6 14. Qd2 Qc7 15. c3 Bxd3 16. Qxd3 Nd5 17. Qe4 Ne7 18. Qh4 Ng8 19. Nd2 h5 20. Ne4 Rh6 21. c4 0-0-0 22. c5 Kb8 23. Nd6 Ka8 24. b4 Ne7 25. Qf4 Rg6 26. bxa5 Nc8 27. Nxc8 Rxc8 28. Qxc7 Rxc7 29. Rab1 Rg4 30. Rb4 Ka7 31. Reb1 Rd7 32. Rb6 Rgxd4 33. a6 bxa6 34. Rxc6 Rxa4 35. Rc8 Rc4 36. c6 Re7 37. Rd1 Kb6 38. Rd7 Rc1+ 39. Kh2 Rxd7 40. cxd7 Rd1 41. d8Q+ Rxd8 42. Rxd8 a5 43. Ra8 Kb5 44. Kg1 a4 45. Kf1 Kb4 46. Ke2 Kb3 47. Kd3 a3 48. Rb8+ Ka2 49. Kc2 Ka1 50. Rb1+ Ka2 51. Rb4 1-0

[Event "Niederbayern-ch"]
[Site "Regen"]
[Date "2015.06.19"]
[Round "3"]
[White "Golder, Waldemar"]
[Black "Bielmeier, Ludwig"]
[Result "1/2-1/2"]
[WhiteElo "1897"]
[BlackElo "2151"]
[PlyCount "82"]
[EventDate "2015.06.18"]
[EventType "swiss"]
[EventRounds "7"]
[EventCountry "GER"]
[SourceTitle "EXT 2023"]
[Source "ChessBase"]
[SourceDate "2022.10.05"]
[SourceVersion "1"]
[SourceVersionDate "2022.10.05"]
[SourceQuality "1"]

1. e4 c6 2. d4 d5 3. Nc3 dxe4 4. Nxe4 Nf6 5. Nxf6+ gxf6 6. Qd3 Nd7 7. Bd2 Nb6 8. Ne2 e5 9. Bc3 Na4 10. Rd1 Be6 11. Qe3 Qb6 12. Ng3 0-0-0 13. Be2 Be7 14. 0-0 Rdg8 15. Rfe1 h5 16. Nxh5 Rg6 17. Ng3 Rgh6 18. h3 Rg6 19. Bd3 Rgg8 20. Nf5 Bf8 21. dxe5 Qxe3 22. Rxe3 Nxc3 23. bxc3 fxe5 24. Rxe5 Rxh3 25. Nd4 Bd6 26. Ra5 Bh2+ 27. Kf1 Bc7 28. Rxa7 Rh1+ 29. Ke2 Rxd1 30. Ra8+ Bb8 31. Kxd1 Rxg2 32. f4 Bg4+ 33. Ke1 Bd7 34. Kf1 Rg4 35. Ne2 Kc7 36. Kf2 c5 37. Be4 Bb5 38. Bd3 Bc6 39. Ra5 Kb6 40. Ra8 Bxf4 41. Rf8 Bd5 1/2-1/2

[Event "Niederbayern-ch"]
[Site "Regen"]
[Date "2015.06.18"]
[Round "1"]
[White "Bergmann, Reiner"]
[Black "Bielmeier, Ludwig"]
[Result "0-1"]
[WhiteElo "1841"]
[BlackElo "2151"]
[PlyCount "76"]
[EventDate "2015.06.18"]
[EventType "swiss"]
[EventRounds "7"]
[EventCountry "GER"]
[SourceTitle "EXT 2023"]
[Source "ChessBase"]
[SourceDate "2022.10.05"]
[SourceVersion "1"]
[SourceVersionDate "2022.10.05"]
[SourceQuality "1"]

1. e4 c6 2. d4 d5 3. exd5 cxd5 4. Nc3 Bf5 5. Bd3 Qd7 6. Bf4 Bxd3 7. Qxd3 Nc6 8. Nf3 e6 9. Ne5 Nxe5 10. Bxe5 f6 11. Bg3 Bb4 12. 0-0 Bxc3 13. Qxc3 Ne7 14. Rfe1 Rc8 15. Qd3 0-0 16. c3 Rc6 17. Re2 Rfc8 18. Qb5 a6 19. Qb3 Re8 20. h3 Nc8 21. Rae1 Nb6 22. f4 f5 23. a4 Nc4 24. Qc2 Nd6 25. Bf2 Ne4 26. g4 Rc4 27. a5 Rec8 28. gxf5 exf5 29. Be3 Ra4 30. Rg2 Rxa5 31. Kh2 Rb5 32. Reg1 g6 33. Qe2 Rc6 34. Qe1 Qe7 35. h4 Nf6 36. Re2 Re6 37. Rg3 Ng4+ 38. Kh1 Qxh4+ 0-1

[Event "Landesliga Sued 1415"]
[Site "Bayern"]
[Date "2015.03.15"]
[Round "8.7"]
[White "Trapp, Maximilian"]
[Black "Bielmeier, Ludwig"]
[Result "1/2-1/2"]
[WhiteElo "2145"]
[BlackElo "2025"]
[PlyCount "113"]
[EventDate "2014.10.19"]
[EventType "team-tourn"]
[EventRounds "9"]
[EventCountry "GER"]
[SourceTitle "EXT 2018"]
[Source "ChessBase"]
[SourceDate "2017.10.13"]
[SourceVersion "1"]
[SourceVersionDate "2017.10.13"]
[SourceQuality "1"]
[WhiteTeam "Freising"]
[BlackTeam "Deggendorf"]
[WhiteTeamCountry "GER"]
[BlackTeamCountry "GER"]

1. d4 Nf6 2. Nf3 g6 3. Bf4 Bg7 4. c3 d6 5. h3 0-0 6. e3 c5 7. Be2 Qb6 8. Qb3 Be6 9. Qxb6 axb6 10. a3 Bd7 11. Nbd2 Bc6 12. 0-0 Nbd7 13. Rfe1 b5 14. dxc5 dxc5 15. Ne5 Nd5 16. Nxc6 bxc6 17. Bg3 N7b6 18. e4 Nf6 19. e5 Nfd5 20. Ne4 Na4 21. Rab1 c4 22. Bh2 Bh6 23. g3 f5 24. exf6 exf6 25. f4 Rfe8 26. Bf3 f5 27. Nd6 Rxe1+ 28. Rxe1 Bf8 29. Nxb5 Nxb2 30. Re6 Ra5 31. Nd4 Rxa3 32. Rxc6 Nxc3 33. g4 Ne4 34. Kg2 Ra2 35. Bxe4 fxe4 36. f5 Nd3+ 37. Kg3 Bc5 38. Bg1 gxf5 39. gxf5 Ra3 40. Nc2 Rc3 41. Rc8+ Kf7 42. Bxc5 Nxc5+ 43. Kg4 Nd7 44. Nd4 Rd3 45. Nb5 e3 46. Kf3 Rd5 47. Nc3 Rxf5+ 48. Kxe3 Rh5 49. Rxc4 Rxh3+ 50. Kf2 Nf6 51. Ne4 Nxe4+ 52. Rxe4 h5 53. Kg2 Rc3 54. Rd4 Re3 55. Rd6 Kg7 56. Rb6 Ra3 57. Kh2 1/2-1/2

[Event "Leipzig VfB op 22nd"]
[Site "Leipzig"]
[Date "2015.03.08"]
[Round "9"]
[White "Langheinrich, Ferenc"]
[Black "Bielmeier, Ludwig"]
[Result "1/2-1/2"]
[WhiteElo "2378"]
[BlackElo "2116"]
[PlyCount "33"]
[EventDate "2015.03.03"]
[EventType "swiss"]
[EventRounds "9"]
[EventCountry "GER"]
[SourceTitle "EXT 2016"]
[Source "ChessBase"]
[SourceDate "2015.10.08"]
[SourceVersion "1"]
[SourceVersionDate "2015.10.08"]
[SourceQuality "1"]

1. Nf3 Nf6 2. c4 d6 3. d4 c6 4. Nc3 Nbd7 5. g3 e5 6. Qc2 Be7 7. Bg2 0-0 8. 0-0 Qc7 9. b3 Re8 10. Bb2 Bf8 11. e4 a6 12. h3 b6 13. Rad1 Bb7 14. Rfe1 Rac8 15. Qb1 Qb8 16. Qa1 b5 17. a3 1/2-1/2

[Event "Leipzig VfB op 22nd"]
[Site "Leipzig"]
[Date "2015.03.05"]
[Round "5"]
[White "Bielmeier, Ludwig"]
[Black "Stets, Dmitry"]
[Result "1/2-1/2"]
[WhiteElo "2116"]
[BlackElo "2385"]
[PlyCount "75"]
[EventDate "2015.03.03"]
[EventType "swiss"]
[EventRounds "9"]
[EventCountry "GER"]
[SourceTitle "EXT 2016"]
[Source "ChessBase"]
[SourceDate "2015.10.08"]
[SourceVersion "1"]
[SourceVersionDate "2015.10.08"]
[SourceQuality "1"]

1. Nf3 d6 2. g3 e5 3. Bg2 f5 4. 0-0 Nf6 5. c4 Be7 6. Nc3 0-0 7. d4 e4 8. Ne1 c6 9. Nc2 Be6 10. d5 cxd5 11. cxd5 Bf7 12. Bh3 g6 13. f3 exf3 14. Rxf3 Nbd7 15. Bf4 Ne5 16. Rf1 Qb6+ 17. Be3 Qa5 18. Bg5 Rac8 19. Bg2 Qb6+ 20. Nd4 Rfe8 21. Kh1 Nfg4 22. Bc1 Nc4 23. Na4 Qa6 24. Qb3 Bf6 25. Ne6 b5 26. Nc3 Nce3 27. Bxe3 Nxe3 28. Ne4 fxe4 29. Rxf6 Nxg2 30. Kxg2 b4 31. Qe3 Rc2 32. Re1 Bxe6 33. dxe6 d5 34. Qh6 Rxe2+ 35. Kh3 Rxe1 36. Rxg6+ hxg6 37. Qxg6+ Kh8 38. Qh6+ 1/2-1/2

[Event "Landesliga Sued 1415"]
[Site "Bayern"]
[Date "2015.02.01"]
[Round "6.7"]
[White "Heuser, Philip"]
[Black "Bielmeier, Ludwig"]
[Result "1/2-1/2"]
[WhiteElo "2016"]
[BlackElo "2025"]
[PlyCount "108"]
[EventDate "2014.10.19"]
[EventType "team-tourn"]
[EventRounds "9"]
[EventCountry "GER"]
[SourceTitle "EXT 2018"]
[Source "ChessBase"]
[SourceDate "2017.10.13"]
[SourceVersion "1"]
[SourceVersionDate "2017.10.13"]
[SourceQuality "1"]
[WhiteTeam "Muenchen 36"]
[BlackTeam "Deggendorf"]
[WhiteTeamCountry "GER"]
[BlackTeamCountry "GER"]

1. e4 c6 2. d4 d5 3. exd5 cxd5 4. c4 Nf6 5. Nc3 g6 6. cxd5 Bg7 7. Bb5+ Nbd7 8. d6 0-0 9. dxe7 Qxe7+ 10. Nge2 a6 11. Bd3 b5 12. 0-0 b4 13. Na4 Bb7 14. Bg5 Qd6 15. f3 Nd5 16. Qd2 Bc6 17. Bc2 Bb5 18. Rfe1 Rac8 19. Bb3 Rfe8 20. Ng3 Rxe1+ 21. Rxe1 Qc6 22. Qd1 h6 23. Bc1 Qf6 24. Ne2 Bxe2 25. Qxe2 Qxd4+ 26. Kh1 N5f6 27. Rd1 Qh4 28. Qxa6 Re8 29. g3 Qh5 30. Kg2 Ne5 31. Rf1 Qf5 32. Nc5 Rd8 33. Qe2 Re8 34. Qf2 h5 35. Bc2 Qc8 36. Bg5 Nh7 37. Bc1 Re7 38. Nd3 Nc6 39. Be3 Nf6 40. Bb3 Qf5 41. Rd1 Nd5 42. Bc5 Rd7 43. Bc2 Qf6 44. Nxb4 Ncxb4 45. Bxb4 Qxb2 46. Bc5 Qxa2 47. Rd2 Qa5 48. Re2 Qc3 49. Be4 Nf6 50. Ba8 Qa5 51. Ra2 Qc3 52. Rc2 Qa5 53. Ra2 Qc3 54. Rc2 Qa5 1/2-1/2

[Event "Regionalliga SO 1314"]
[Site "Bayern"]
[Date "2014.04.06"]
[Round "9.5"]
[White "Angermaier, Georg"]
[Black "Bielmeier, Ludwig"]
[Result "1/2-1/2"]
[WhiteElo "1997"]
[BlackElo "2033"]
[PlyCount "27"]
[EventDate "2013.10.13"]
[EventType "team-tourn"]
[EventRounds "9"]
[EventCountry "GER"]
[SourceTitle "EXT 2015"]
[Source "ChessBase"]
[SourceDate "2014.11.20"]
[SourceVersion "1"]
[SourceVersionDate "2014.11.20"]
[SourceQuality "1"]
[WhiteTeam "Bruckmuehl"]
[BlackTeam "Deggendorf"]
[WhiteTeamCountry "GER"]
[BlackTeamCountry "GER"]

1. e4 c6 2. d4 d5 3. Nc3 dxe4 4. Nxe4 Nf6 5. Nxf6+ gxf6 6. Nf3 Bf5 7. c3 e6 8. Bd3 Bg6 9. Bf4 Bd6 10. Bxd6 Qxd6 11. Bxg6 hxg6 12. Qe2 Nd7 13. 0-0-0 0-0-0 14. h3 1/2-1/2